Which Logo Is It? Quiz Stats

Quiz Updated Feb 9, 2016

Challenge
Share
Tweet
Score 0/15 Timer 05:00
4 Plays Today
% Correct
A: Yes, it's McDonald's
98.6%
B: Yes, it's Nike
97%
A: Yes, it's KFC
92%
A: Yes, it's M&M
86.1%
A: Yes, of course it's Sporcle!
83.8%
B: Yes, it's Monster
83.2%
B: Yes, it's Walmart
77.6%
A: Yes, it's Vodafone
74.2%
% Correct
A: Yes, it's Toyota
66.2%
B: Yes, it's PlayStation 2
63.4%
A: Yes, it's Lacoste
62.1%
B: Yes, it's TAG Heuer
61.5%
B: Yes, it's Electronic Arts
58.7%
B: Yes, it's Porsche
57.9%
A: Yes, it's Chevron
56.5%

You're not logged in!

Compare scores with friends on all Sporcle quizzes.
Sign Up with Email
OR
Log In

You Might Also Like...

Show Comments

Extras

Top Quizzes Today


Score Distribution

Your Account Isn't Verified!

In order to create a playlist on Sporcle, you need to verify the email address you used during registration. Go to your Sporcle Settings to finish the process.